Integración de América Latina: experiencias y perspectivas /

保存先:
書誌詳細
第一著者: Balassa, Bela
その他の著者: Burestam Linder, Steffan Kitamura, Hiroshi Dell, Sidney Magariños, Gustavo Prebisch, Raúl García Reynoso, Plácido Timbergen, Jan Angulo, Enrique Herrera, Felipe Mikesell, Raymondo F. Galveas, Ernane Siegel, Barry N. Triffin, Rob
フォーマット: テキスト
出版事項: México: Fondo de la Cultura Económica
タグ: タグ追加
タグなし, このレコードへの初めてのタグを付けませんか!

MARC

LEADER 00000 a a2200000 04500
001 22666
003
040 |a CRAI/IIS  |c CRAI/IIS 
090 |a 155400  
100 |a Balassa, Bela  
245 |a Integración de América Latina: experiencias y perspectivas /  |c Bela Balassa 
260 |a México:   |b Fondo de la Cultura Económica  
300 |a 291 p.  
700 |a Burestam Linder, Steffan   |a Kitamura, Hiroshi   |a Dell, Sidney   |a Magariños, Gustavo   |a Prebisch, Raúl   |a García Reynoso, Plácido   |a Timbergen, Jan   |a Angulo, Enrique   |a Herrera, Felipe   |a Mikesell, Raymondo F.   |a Galveas, Ernane   |a Siegel, Barry N.   |a Triffin, Rob  
999 |c 3809  |d 3809